A collection of critical essays / (Record no. 109760)
[ view plain ]
| 000 -LEADER | |
|---|---|
| campo de control de longitud fija | 00521nam a2200169 4500 |
| 001 - NÚMERO DE CONTROL | |
| campo de control | 109760 |
| 003 - IDENTIFICADOR DE NÚMERO DE CONTROL | |
| campo de control | ES-MaACL |
| 005 - FECHA Y HORA DE LA ÚLTIMA TRANSACCIÓN | |
| campo de control | 20230906184915.0 |
| 007 - CAMPO FIJO DE DESCRIPCIÓN FÍSICA--INFORMACIÓN GENERAL | |
| campo de control de longitud fija | t| |
| 008 - DATOS DE LONGITUD FIJA--INFORMACIÓN GENERAL | |
| campo de control de longitud fija | 061121s1964 xxu r ||||1| eng d |
| 100 1# - ENTRADA PRINCIPAL--NOMBRE DE PERSONA | |
| Nombre de persona | O'Neill, Eugene. |
| 9 (RLIN) | 86353 |
| 245 10 - MENCIÓN DEL TÍTULO | |
| Título | A collection of critical essays / |
| Mención de responsabilidad, etc. | Eugene O'Neill ; edited by John Gassner. |
| 260 ## - PUBLICACIÓN, DISTRIBUCIÓN, ETC. | |
| Lugar de publicación, distribución, etc. | Englewood Cliffs (New Jersey) : |
| Nombre del editor, distribuidor, etc. | Prentice Hall, |
| Fecha de publicación, distribución, etc. | 1964. |
| 300 ## - DESCRIPCIÓN FÍSICA | |
| Extensión | VIII, 180 p. ; |
| Dimensiones | 21 cm. |
| 700 1# - ENTRADA AGREGADA--NOMBRE PERSONAL | |
| Nombre de persona | Gassner, John. |
| 9 (RLIN) | 55921 |
| 852 ## - LOCALIZACIÓN | |
| Ubicación | ES-MaACL |
| Número de control de estantería | G-8413 |
| Sublocalización o colección | R.66096 |
| Estatus retirado | Estado de pérdida | Estado de daño | No para préstamo | Biblioteca de origen | Biblioteca actual | Ubicación en estantería | Fecha de adquisición | Fuente de adquisición | Total de préstamos | Signatura topográfica completa | Código de barras | Visto por última vez | Precio de reemplazo | Tipo de ítem Koha |
|---|---|---|---|---|---|---|---|---|---|---|---|---|---|---|
| Biblioteca del Ateneo de Madrid | Biblioteca del Ateneo de Madrid | Sala Pecera Planta 3 | 17/01/2008 | G-8413 | 1114522 | 23/02/2023 | 23/02/2023 | Libro impreso |
